Guess that Current NFL Player by Smile - Statistics

General Stats
  • This quiz has been taken 447 times
  • The average score is 12 of 16
Answer Stats
Picture Answer % Correct
Lamar Jackson
99%
Aaron Rodgers
97%
Patrick Mahomes
94%
Justin Herbert
88%
Maxx Crosby
85%
Ja'Marr Chase
83%
Marvin Harrison Jr.
83%
Aaron Jones
82%
Christian McCaffrey
81%
Amon-Ra St. Brown
79%
Puka Nacua
79%
Amari Cooper
71%
Ezekiel Elliott
63%
Caleb Williams
62%
Bo Nix
44%
Jaire Alexander
43%
No matching quizzes found
Score Distribution
Percent of People with Each Score
Percentile by Number Answered
Your Score History
You have not taken this quiz